=LDR 00000nam 2200000 4500 =001 INLIS000000000011437 =005 20130612103012 =008 ***********************************Ind** =035 ##$$0010-061300000011437 =041 ##$$a Ind =082 ##$$a 959.82 =090 ##$$a 959.82, Seh k =100 ##$$a Scherer, Santri Prastiti =245 ##$$a Keselarasan dan Kejanggalan, Pemikiran Priayi Nasional Jawa awal abad XX, Savitri Prastiti Scherer =260 ##$$a 1985 $b Jakarta =300 ##$$a 326 hlm., 21 cm =650 ##$$a Peradaban- Jawa =850 ##$$a NBPNMAT